The observational foundations of physics / (Record no. 8644)

MARC details
000 -LEADER
fixed length control field 01165pam a2200301 a 4500
001 - CONTROL NUMBER
control field 2524852
003 - CONTROL NUMBER IDENTIFIER
control field OSt
005 - DATE AND TIME OF LATEST TRANSACTION
control field 20240619105110.0
008 - FIXED-LENGTH DATA ELEMENTS--GENERAL INFORMATION
fixed length control field 930909s1994 enka b 001 0 eng
010 ## - LIBRARY OF CONGRESS CONTROL NUMBER
LC control number 93036901
020 ## - INTERNATIONAL STANDARD BOOK NUMBER
International Standard Book Number 0521454506 (hardback)
020 ## - INTERNATIONAL STANDARD BOOK NUMBER
International Standard Book Number 0521455979 (pbk.)
040 ## - CATALOGING SOURCE
Original cataloging agency MUST LIB
Transcribing agency MUST
Modifying agency MUST
050 00 - LIBRARY OF CONGRESS CALL NUMBER
Classification number QC20
Item number .C684 1994
082 00 - DEWEY DECIMAL CLASSIFICATION NUMBER
Classification number 530.15
Edition number 20
Item number COO
100 1# - MAIN ENTRY--PERSONAL NAME
Personal name Cook, Alan H.
9 (RLIN) 14059
245 14 - TITLE STATEMENT
Title The observational foundations of physics /
Statement of responsibility, etc. Sir Alan Cook.
260 ## - PUBLICATION, DISTRIBUTION, ETC. (IMPRINT)
Place of publication, distribution, etc. Cambridge ;
-- New York :
Name of publisher, distributor, etc. Cambridge University Press,
Date of publication, distribution, etc. 1994.
300 ## - PHYSICAL DESCRIPTION
Extent xii, 164 p. :
Other physical details ill. ;
Dimensions 23 cm.
504 ## - BIBLIOGRAPHY, ETC. NOTE
Bibliography, etc Includes bibliographical references (p. 156-159) and index.
650 #0 - SUBJECT ADDED ENTRY--TOPICAL TERM
Topical term or geographic name as entry element Mathematical physics.
9 (RLIN) 372
650 #0 - SUBJECT ADDED ENTRY--TOPICAL TERM
Topical term or geographic name as entry element Physical measurements.
9 (RLIN) 17050
856 42 - ELECTRONIC LOCATION AND ACCESS
Materials specified Publisher description
Uniform Resource Identifier http://www.loc.gov/catdir/description/cam025/93036901.html
856 41 - ELECTRONIC LOCATION AND ACCESS
Materials specified Table of contents
Uniform Resource Identifier http://www.loc.gov/catdir/toc/cam021/93036901.html
906 ## - LOCAL DATA ELEMENT F, LDF (RLIN)
a 7
b cbc
c orignew
d 1
e ocip
f 19
g y-gencatlg
942 ## - ADDED ENTRY ELEMENTS (KOHA)
Source of classification or shelving scheme Dewey Decimal Classification
Koha item type Open Shelf
Holdings
Withdrawn status Lost status Source of classification or shelving scheme Damaged status Not for loan Home library Current library Date acquired Source of acquisition Inventory number Total Checkouts Full call number Barcode Date last seen Price effective from Koha item type
    Dewey Decimal Classification     MUST Main Library MUST Main Library 19/06/2024 Purchase 05/24877   530.15 COO 2024-20895 19/06/2024 19/06/2024 Open Shelf
    Dewey Decimal Classification     MUST Main Library MUST Main Library 19/06/2024 Purchase 04/22715   530.15 COO 2024-20914 19/06/2024 19/06/2024 Open Shelf
    Other/Generic Classification Scheme     MUST Main Library MUST Main Library 21/06/2024 Purchase 05/24878   530.15 COO 2024-20973 21/06/2024 21/06/2024 Open Shelf
    Dewey Decimal Classification     MUST Main Library MUST Main Library   Purchase 05/24876   530.15 COO 2024-20983 21/06/2024   Open Shelf
    Other/Generic Classification Scheme     MUST Main Library MUST Main Library 24/06/2024 Purchase 04/22716   530.15 COO 1994 2024-21085 24/06/2024 24/06/2024 Open Shelf